000 00408nam a2200145Ia 4500
008 151021s9999 xx 000 0 und d
020 _a9.7814085041e+012
050 _aG 79.7 .W67 2000
245 _a_Geography an intergrated approach David waugh
260 _aUK Nelson Thornes 2000
300 _a657p;ill.
500 _aIncludes index
650 _a_Geography
980 _a^d20120120 11:50:07^okorir
999 _c8630
_d8630